Les joueurs de l'Olympique Marseillais en 2026 - Statistiques

Statistiques générales
  • Ce quiz a été pris 28 fois
  • Le résultat moyen est 7 sur 8
Answers on the Grid
Answers color-coded by a green-red scale on the quiz's grid according to % correct below.
Leonardo Balerdi
Amine Gouiri
Beraldo
Ross Barkley
Hamed Junior Traoré
Nadir Bilal
Lucas Digne
Kostas Mitroglou
Casemiro
Vaz Robinio
Murillo Michael
Vinicius Junior
Paul Pogba
Benjamin Pavard
Bamo Meïté
 
Statistiques - réponses
Réponse % Correct
Amine Gouiri
100%
Leonardo Balerdi
94%
Benjamin Pavard
83%
Hamed Junior Traoré
83%
Nadir Bilal
83%
Bamo Meïté
78%
Murillo Michael
72%
Vaz Robinio
72%
Aucun quiz correspondant
Distribution des résultats
% des personnes avec chaque résultat
Percentile par nombre de réponses
Votre historique - résultats
Vous n’avez pas pris ce quiz